LIBRARY ONLINE CATALOGUE

A Practical approach to criminal procedure / (Record no. 10985)

MARC details
000 -LEADER
fixed length control field 00736cam a22002292 4500
001 - CONTROL NUMBER
control field 0000009074
005 - DATE AND TIME OF LATEST TRANSACTION
control field 20151217154406.0
008 - FIXED-LENGTH DATA ELEMENTS--GENERAL INFORMATION
fixed length control field 080824s xx 000 0 eng d
020 ## - INTERNATIONAL STANDARD BOOK NUMBER
International Standard Book Number 0199298300 :
Terms of availability KES 4198.60
040 ## - CATALOGING SOURCE
Original cataloging agency KABU
Transcribing agency KABU
100 1# - MAIN ENTRY--PERSONAL NAME
Personal name Sprack, John.
-- 0000160032
245 12 - TITLE STATEMENT
Title A Practical approach to criminal procedure /
Statement of responsibility, etc. John Sprack.
250 ## - EDITION STATEMENT
Edition statement 11th ed.
260 ## - PUBLICATION, DISTRIBUTION, ETC. (IMPRINT)
Place of publication, distribution, etc. Oxford :
Name of publisher, distributor, etc. O. U. P.,
Date of publication, distribution, etc. 2006.
300 ## - PHYSICAL DESCRIPTION
Extent xlix, 620 p.
650 #0 - SUBJECT ADDED ENTRY--TOPICAL TERM
Topical term or geographic name as entry element Criminal procedure
Geographic subdivision England.
-- 0000160033
650 #0 - SUBJECT ADDED ENTRY--TOPICAL TERM
Topical term or geographic name as entry element Criminal procedure
Geographic subdivision Wales.
-- 0000160034
908 ## - PUT COMMAND PARAMETER (RLIN)
Put command parameter 080824
950 ## - LOCAL HOLDINGS (RLIN)
-- 1
Holdings
Withdrawn status Lost status Source of classification or shelving scheme Not for loan Home library Current library Date acquired Total Checkouts Full call number Barcode Date last seen Date last checked out Price effective from Koha item type
    Library of Congress Classification   Kabarak, Main Campus Kabarak, Main Campus 17/12/2015 4 KD8324 .S63 2006 c. 2 012509 04/02/2022 01/02/2022 17/12/2015 General Collection
    Library of Congress Classification   Kabarak, Main Campus Kabarak, Main Campus 17/12/2015 5 KD8324 .S63 2006 c. 1 012508 20/01/2021 05/01/2021 17/12/2015 General Collection